000
00208 a2200097 4500
001
31351
100
_a
Haines, Steven
245
_a
Java 2 from scratch
260
_a
New Delhi
_b
PHI
_c
090
_c
21243
_d
21243
942
_a
NUST-CAE
_c
M
_c
12496
999
_c
266424
_d
266424